000 00448nam a2200193Ia 4500
003 0100
008 130303s9999 xx 000 0 und d
040 _cARRUPELIB
050 _aB1247.K16
100 _aKang, Sugwon
245 4 _aThe philosophy of Locke and Hobbes
260 _aNew York
260 _bMonarch press
260 _C1965
300 _a120p.
300 _b 20cm
650 _bHuman genetics-moral aspects
942 _2lcc
_01
999 _c63175
_d63175